Environmental Policy and Practice (Record no. 118988)

MARC details
000 -LEADER
fixed length control field 00542cas a22001935a 4500
001 - CONTROL NUMBER
control field L138491
008 - FIXED-LENGTH DATA ELEMENTS--GENERAL INFORMATION
fixed length control field 070613c19911997xxkqr p 0 a0eng u
022 1# - INTERNATIONAL STANDARD SERIAL NUMBER
International Standard Serial Number 0961-9356
035 ## - SYSTEM CONTROL NUMBER
System control number (Sirsi) u138491
041 0# - LANGUAGE CODE
Language code of text/sound track or separate title eng
245 00 - TITLE STATEMENT
Title Environmental Policy and Practice
260 ## - PUBLICATION, DISTRIBUTION, ETC.
Place of publication, distribution, etc. Richmond
Name of publisher, distributor, etc. EPP Publications
Date of publication, distribution, etc. 1991-1997
362 0# - DATES OF PUBLICATION AND/OR SEQUENTIAL DESIGNATION
Dates of publication and/or sequential designation 1(4) 1992-7(1) 1997
554 ## -
-- Four per year
651 #4 - SUBJECT ADDED ENTRY--GEOGRAPHIC NAME
Geographic name United Kingdom
Chronological subdivision
690 ## - LOCAL SUBJECT ADDED ENTRY--TOPICAL TERM (OCLC, RLIN)
Topical term or geographic name as entry element ENVIRONMENTAL AND LAND CONSULTANCY
785 00 - SUCCEEDING ENTRY
Title Environmental and Waste Management
International Standard Serial Number 0961-9356
942 ## - ADDED ENTRY ELEMENTS (KOHA)
Suppress in OPAC 0
Holdings
Withdrawn status Lost status Source of classification or shelving scheme Damaged status Not for loan Home library Current library Shelving location Date acquired Total Checkouts Full call number Barcode Date last seen Price effective from Koha item type
    Dewey Decimal Classification     London London Basement 13/06/2007   ENVIRONMENTAL AND WASTE MANAGEMENT 138491-1001 06/08/2019 06/08/2019 Journal